Estatísticas para Egito Antigo: Você o conhece bem?

Clique aqui para jogar o quiz

Estatísticas Gerais

  • Esse quiz foi jogado 137 vezes
  • A pontuação média é 7 de 20

Estatísticas das Respostas

DicaResposta% Correto
Rio importantíssimo na agricultura egípciaNilo
99%
Processo de embalsamento dos faraós mortos, que visava proteger o corpo para a nova vidaMumificação
74%
Para os egípcios, era o "deus do sol"
64%
Onde se localizam as famosas pirâmides?Gizé
61%
A camada social mais importante do Egito AntigoFaraó
56%
Papel usado pelos egípcios que vem de uma planta localPapiro
56%
Cite um dos meses do período de colheita no Rio NiloMarço | Abril | Maio | Junho
43%
Última governante do Reino Ptolemaico do EgitoCleópatra
41%
Conjunto de pergaminhos que constituem da Religião Egípcia AntigaLivro dos {Mortos}
38%
Cite um dos nomes das pirâmides egípciasQuéops | Quéfren | Miquerinos
36%
Local em que os mortos eram julgados a partir da pesagem do coração com uma penaTribunal de {Osíris}
25%
Famosa "maldição" egípcia descoberta em 1922Maldição de {Tutankhamon}
24%
Responsável pela unificação dos reinos do Baixo e Alto EgitoNarmer
20%
Fase da história do Egito, que se finaliza com o domínio persa sobre o Egito{Novo} Império
18%
Cite um dos tipos de escrita desenvolvidos no Antigo EgitoHieroglífica | Hierática | Demótica | Copta
14%
Faraó que criou o culto monoteísta no EgitoAkhenaton
13%
Primeiras comunidades a se fixarem nas margens do rio citado na primeira questãoNomos
13%
Correspondiam às últimas camadas da pirâmide social, e faziam a manutenção de diques e canais de irrigaçãoCamponeses
11%
Governavam os acimaNomarcas
7%
O culto monoteísta egípcio levou do culto Amon-Rá, para o culto à...Aton
6%

Distribuição das Pontuações

Percentil de Números Respondidos

Porcentagem de Pessoas com Cada Pontuação

Sua Pontuação Histórica

Você não jogou esse quiz